01301nab a22002897a 4500003000400000005001700004008004100021040000700062100002200069245011900091260007300210300001500283500003800298505012000336505012300456505008200579650001800661650001800679650002400697650002100721650001900742650001900761650002200780650002900802650002600831773015400857OSt20251222234125.0190429b xxu||||| |||| 00| 0 spa d cPJ aWalter, Lucas I. 10aDel túnel a la duda razonable. Cómo el Tribunal de Casación Penal devolvió la Justicia /cLucas I. Walter. cCiudad Autónoma de Buenos Aires :aThomson Reuters La Ley, b2025. ap. 134-140 aCita: TR LALEY AR/DOC/2858/2025.  a Sumario: I. Introducción.— II. Reseña y análisis del fallo.— III. Conclusiones. — IV. Bibliografía.  aFallo comentado: TCasación Penal, Buenos Aires, sala V ~ 23/04/2025 ~ B. O. A. y G. C. I. s/ recurso de casación. tSi te interesa el texto completo, solicitalo a koha@justierradelfuego.gov.ar  0aDERECHO PENAL 0aPROCESO PENAL 0aRECURSO DE CASACION 0aIN DUBIO PRO REO 0aPRESCRIPCIÓN 0aDEBIDO PROCESO 0aDEFENSA EN JUICIO 0aHOMICIDIO CRIMINIS CAUSA 0aSENTENCIA ABSOLUTORIA0 02658tRevista de derecho penal y criminología. Nº 11 - Diciembre 2025dCiudad Autónoma de Buenos Aires : Thomson Reuters La Ley, 2017-x00347914